000 01285nam a2200325 a 4500
001 ebr10698314
003 CaPaEBR
006 m o u
007 cr cn|||||||||
008 130524s2009 stk sb 001 0 eng d
020 _z9781439808689
020 _z9781904445845
020 _z9781849950145 (e-book)
040 _aCaPaEBR
_cCaPaEBR
035 _a(OCoLC)843860785
050 1 4 _aQC176.8.M5
_bC47 2009eb
245 0 0 _aCeramics processing in microtechnology
_h[electronic resource] /
_cedited by H.-J. Ritzhaupt-Kleissl, Per Johander.
260 _aDunbeath, Scotland :
_bWhittles Pub. ;
_aBoca Raton, Fla. :
_bCRC Press,
_c2009.
300 _axx, 332 p.
504 _aIncludes bibliographical references and index.
533 _aElectronic reproduction.
_bPalo Alto, Calif. :
_cebrary,
_d2013.
_nAvailable via World Wide Web.
_nAccess may be limited to ebrary affiliated libraries.
650 0 _aMicromechanics.
650 0 _aCeramic materials
_xMicrostructure.
650 0 _aMicrotechnology.
655 7 _aElectronic books.
_2local
700 1 _aRitzhaupt-Kleissl, H.-J.
700 1 _aJohander, Per.
710 2 _aebrary, Inc.
856 4 0 _uhttp://site.ebrary.com/lib/rucke/Doc?id=10698314
_zAn electronic book accessible through the World Wide Web; click to view
999 _c7618
_d7618